Hydraulický ráz v soustavách potrubí

Na minha lista:
Detalhes bibliográficos
Autor principal: Záruba, Jozef (Author)
Formato: Livro
Idioma:tcheco
Publicado em: Praha : Academia, 1984
Edição:1. vyd.
Tags: Adicionar Tag
Sem tags, seja o primeiro a adicionar uma tag!

MARC

LEADER 00000nam a22000003a 4500
001 stu139624
005 20150617225927.5
008 070403s1984----xr------------------cze-d
040 |a STU  |b slo 
041 0 |a cze 
044 |a xr 
080 |a 556:621.643  |7 stu_us_auth*stu18096 
080 |a 621.22 
100 1 |a Záruba, Jozef  |4 aut 
245 1 |a Hydraulický ráz v soustavách potrubí 
250 |a 1. vyd. 
260 |a Praha :  |b Academia,  |c 1984 
300 |a 112 s 
996 |b 284V030037  |c V*29218/O-11573  |l VVS  |s A  |a 24  |w stu139624_0001 
996 |b 284V030036  |c V*29219/O-11573a  |l VVS  |s A  |a 24  |w stu139624_0002